A comparison of the usable income potential from welfare payments and from being employed for urban Maryland families /

Bibliographic Details
Corporate Author: Maryland. University. Department of Agricultural and Resource Economics
Other Authors: Holmes, A. Stewart (Arnold Stewart), 1942-
Format: Book
Language:English
Published: [College Park] : The Dept., 1971.
Series:AREIS (Series) ; no. 5.
Subjects:

MARC

Tag First Indicator Second Indicator Subfields
LEADER 00000cam a2200000 i 4500
001 in00000220284
005 20151009073839.0
008 790814s1971 mdua b 00010 eng d
035 |a (OCoLC)05270829 
035 |9 AAZ1478AM 
040 |a TXA  |c TXA  |d UtOrBLW 
049 |a TXAM  |c 1 [1231768]  |c 2 [1231769] 
090 |a HC107.M33  |b I6 
110 1 |a Maryland.  |b University.  |b Department of Agricultural and Resource Economics. 
245 1 2 |a A comparison of the usable income potential from welfare payments and from being employed for urban Maryland families /  |c A. Steward Holmes [and others]. 
264 1 |a [College Park] :  |b The Dept.,  |c 1971. 
300 |a 18 pages :  |b illustrations 
336 |a text  |b txt  |2 rdacontent 
337 |a unmediated  |b n  |2 rdamedia 
338 |a volume  |b nc  |2 rdacarrier 
490 1 |a AREIS ; no. 5 
500 |a Cover title. 
504 |a Includes bibliographical references. 
650 0 |a Income  |z Maryland. 
650 0 |a Public welfare  |z Maryland. 
700 1 |a Holmes, A. Stewart  |q (Arnold Stewart),  |d 1942- 
830 0 |a AREIS (Series) ;  |v no. 5. 
999 |a MARS 
999 f f |s 25a9364b-4e1c-38ab-89d5-1f2fd755380e  |i 1ae2f41a-4141-3838-9f93-5dc4f319326c  |t 0 
952 f f |p ric  |a Texas A&M University  |b Rellis Campus  |c Joint Library Facility  |d Remote Storage  |t 0  |e HC107.M33 I6  |h Library of Congress classification  |i unmediated -- volume  |m A14802577199 
998 f f |a HC107.M33 I6  |t 0  |l Remote Storage